| 000 | 00814nam0a22002411 4500 | ||
|---|---|---|---|
| 001 | rc\397903 | ||
| 005 | 20250621072001.0 | ||
| 010 |
_a5-660-00065-7 _9100000 |
||
| 035 | _a(NLR Aleph) 005646923 | ||
| 090 |
_a6729115 _c6729115 |
||
| 100 | _a20030616d1989 |||y0rusy50 ca | ||
| 101 | 0 | _arus | |
| 102 | _aRU | ||
| 105 | _aa ||||||||| | ||
| 200 | 1 |
_aТештюк _eКирг. нар. сказка _e[Отр. из кирг. нар. эпоса _eДля мл. шк. возраста _fПеревод с кирг. С. Куручбекова _gХудож. Ж. Джумабаев] |
|
| 210 |
_aФрунзе _cАдабият _d1989 |
||
| 215 |
_a23, [2] с. _cцв. ил. _d27 |
||
| 225 | 1 | _aЧитаем сами | |
| 801 | 0 |
_aRU _bNLR _gpsbo |
|
| 801 | 1 |
_aRU _bELAR _2rusmarc |
|
| 852 |
_aNLR _j89-7/829 |
||
| 942 | _cBOOK | ||
| 980 | _aNB | ||